| 000 | 00333nam a22001217a 4500 | ||
|---|---|---|---|
| 008 | 180606b xxu||||| |||| 00| 0 eng d | ||
| 041 | _aeng | ||
| 080 | _a043.3 | ||
| 100 | _a0 | ||
| 101 | _aSHKI-BA | ||
| 245 |
_aGPS Programi ne pajisjet mobile: Trajtim krahasues ne mes Java per Android dhe Phonegap _cMenxhiqi, L |
||
| 942 |
_2udc _cBK |
||
| 999 |
_c46468 _d46468 |
||